000 00291nam a22001337a 4500
008 170829b xxu||||| |||| 00| 0 eng d
020 _a9780300089073
041 _aeng
080 _a070
100 _a39
101 _aMED
245 _aWHAT ARE JOURNALISM
_cROSEIN.J
942 _2udc
_cBK
999 _c25412
_d25412